<?xml version="1.0" encoding="UTF-8"?><?xml-stylesheet type="text/xsl" href="static/style.xsl"?><OAI-PMH xmlns="http://www.openarchives.org/OAI/2.0/" xmlns:xsi="http://www.w3.org/2001/XMLSchema-instance" xsi:schemaLocation="http://www.openarchives.org/OAI/2.0/ http://www.openarchives.org/OAI/2.0/OAI-PMH.xsd"><responseDate>2026-04-17T13:11:34Z</responseDate><request verb="GetRecord" identifier="oai:www.recercat.cat:10230/54699" metadataPrefix="marc">https://recercat.cat/oai/request</request><GetRecord><record><header><identifier>oai:recercat.cat:10230/54699</identifier><datestamp>2025-12-20T20:23:37Z</datestamp><setSpec>com_2072_6</setSpec><setSpec>col_2072_452954</setSpec></header><metadata><record xmlns="http://www.loc.gov/MARC21/slim" xmlns:dcterms="http://purl.org/dc/terms/" xmlns:xsi="http://www.w3.org/2001/XMLSchema-instance" xmlns:doc="http://www.lyncode.com/xoai" xsi:schemaLocation="http://www.loc.gov/MARC21/slim http://www.loc.gov/standards/marcxml/schema/MARC21slim.xsd">
   <leader>00925njm 22002777a 4500</leader>
   <datafield ind2=" " ind1=" " tag="042">
      <subfield code="a">dc</subfield>
   </datafield>
   <datafield ind2=" " ind1=" " tag="720">
      <subfield code="a">Garcia Sevilla, Mireia</subfield>
      <subfield code="e">author</subfield>
   </datafield>
   <datafield ind2=" " ind1=" " tag="720">
      <subfield code="a">Miarnau Hernández, Clàudia</subfield>
      <subfield code="e">author</subfield>
   </datafield>
   <datafield ind2=" " ind1=" " tag="720">
      <subfield code="a">Moll Wern, Maria</subfield>
      <subfield code="e">author</subfield>
   </datafield>
   <datafield ind2=" " ind1=" " tag="260">
      <subfield code="c">2022-11-04T18:36:10Z</subfield>
   </datafield>
   <datafield ind2=" " ind1=" " tag="260">
      <subfield code="c">2022-11-04T18:36:10Z</subfield>
   </datafield>
   <datafield ind2=" " ind1=" " tag="260">
      <subfield code="c">2022-11-04</subfield>
   </datafield>
   <datafield ind2=" " ind1=" " tag="520">
      <subfield code="a">Treball fi de màster de l’especialitat de Llengua i Literatura Catalana i Castellana. Màster de Formació del professorat d&amp;apos;Educació Secundària i Batxillerat UPF-UOC</subfield>
   </datafield>
   <datafield ind2=" " ind1=" " tag="520">
      <subfield code="a">Tutor: Cristian Olivé</subfield>
   </datafield>
   <datafield ind2=" " ind1=" " tag="520">
      <subfield code="a">L’ensenyament i aprenentatge de la gramàtica, i pel cas d’aquest estudi i en concret de les&#xd;
categories gramaticals, és objecte de controvèrsies en l’àmbit acadèmic i per extensió, al&#xd;
ritme dels canvis que s’han anat produint les darreres dècades al món educatiu, als&#xd;
departaments o àmbits didàctics i les aules dels instituts de secundària. Més enllà del&#xd;
qüestionament a l’engròs que en fan els alumnes, als quals costa discernir-ne la utilitat i la&#xd;
necessitat, teòrics i professors es qüestionen, si ells superen l’estadi del per què, el què i el&#xd;
com s’han d’ensenyar i aprendre continguts —ara en diran sabers— de la gramàtica que els&#xd;
alumnes consideren tan feixucs com les categories. Aquest treball fa un repàs de la situació&#xd;
d’aquest ensenyament i aprenentatge en el context de l’actual sistema educatiu, com és&#xd;
tractat pels materials didàctics com els llibres de text i quin tractament rep a les aules. Al&#xd;
final, s’apunten alguns principis d’acció docent (per a professores novelles com les autores) i&#xd;
es proposen esbossos d’activitats d’aprenentatge (algunes portades a terme a la fase de&#xd;
pràctiques del màster i altres imaginades) que compleixen amb aquests principis. De tot&#xd;
plegat se n’intenta extreure conclusions que puguin ser de valor no només per al futur&#xd;
professional de les autores, sinó per a qualsevol interessat en les qüestions en joc.</subfield>
   </datafield>
   <datafield ind2=" " ind1=" " tag="520">
      <subfield code="a">How to teach grammar, particularly parts of speech (the subject matter of this dissertation),&#xd;
has sparked controversy in academia and by extension among teachers and in secondary&#xd;
schools over the past decades, which have seen numerous changes. While students struggle&#xd;
to see the use of or need for grammar, scholars and teachers question not so much why but&#xd;
what and how to teach and learn certain grammar items, such as parts of speech, which are&#xd;
often perceived as cumbersome by students. This dissertation reviews how these are taught&#xd;
and learned in the context of the current educational system, how they are approached by&#xd;
text books and other resources and what happens in classrooms. In sections 4 and 5, the&#xd;
authors propose a few teaching principles for new teachers such as themselves and outline a&#xd;
number of activities or tasks (some of which were put in practice during their placements in&#xd;
schools while others are imagined), which follow these principles. The conclusions aim to be&#xd;
helpful not only for future teachers such as the authors, but anyone interested in the issues&#xd;
concerned.</subfield>
   </datafield>
   <datafield tag="653" ind2=" " ind1=" ">
      <subfield code="a">Gramàtica comparativa</subfield>
   </datafield>
   <datafield tag="653" ind2=" " ind1=" ">
      <subfield code="a">Categories gramaticals</subfield>
   </datafield>
   <datafield tag="653" ind2=" " ind1=" ">
      <subfield code="a">Gramàtica competencial</subfield>
   </datafield>
   <datafield tag="653" ind2=" " ind1=" ">
      <subfield code="a">Terminologia</subfield>
   </datafield>
   <datafield tag="653" ind2=" " ind1=" ">
      <subfield code="a">Contingut clau</subfield>
   </datafield>
   <datafield tag="653" ind2=" " ind1=" ">
      <subfield code="a">Comparative grammar</subfield>
   </datafield>
   <datafield tag="653" ind2=" " ind1=" ">
      <subfield code="a">Parts of speech</subfield>
   </datafield>
   <datafield tag="653" ind2=" " ind1=" ">
      <subfield code="a">Competency-based grammar</subfield>
   </datafield>
   <datafield tag="653" ind2=" " ind1=" ">
      <subfield code="a">Terminology</subfield>
   </datafield>
   <datafield tag="653" ind2=" " ind1=" ">
      <subfield code="a">Contingut clau (key curricular contents)</subfield>
   </datafield>
   <datafield ind2="0" ind1="0" tag="245">
      <subfield code="a">A-sintagmàtics a l’aula. A la cerca&#xd;
del remei contra el mal gramatical: estudi i propostes entorn de l’ensenyament i l’aprenentatge de les&#xd;
categories gramaticals en el primer cicle de l’educació secundària</subfield>
   </datafield>
</record></metadata></record></GetRecord></OAI-PMH>